000 00564nam a2200157 4500
999 _c17101
_d17101
008 220602b ||||| |||| 00| 0 eng d
022 _a0732-8435
082 _aDPer 657.05 C33 Sept - Dec 2012, v. 82 n. 9 - 12
100 _aOswald, R. Scott.
_945452
245 _aRewarding whistleblowers for disclosing tax violations to the IRS/
_cR. Scott Oswald.
260 _aNew York:
_bThe New York State Society of CPA,
_c©2012.
300 _av82 n12, page 11:
_b illustrations:
_c28 cm.
500 _aThe CPA Journal.
650 _aTaxation.
_945453
942 _2ddc
_cPER